| 000 | 01077nam a2200325 c 4500 | ||
|---|---|---|---|
| 001 | 58480 | ||
| 003 | CO-BoRNBP | ||
| 005 | 20250822221729.0 | ||
| 007 | ta | ||
| 008 | 210722s2017 ck er 000 0dspa d | ||
| 020 | _a9789588926339 | ||
| 040 |
_aCO-BoRNBP _bspa _erda _cCO-BoRNBP |
||
| 041 | 0 | _aspa | |
| 082 | 0 | 4 |
_a302.14 _bA53e _222 |
| 100 |
_aAngulo Novoa, Alejandro, _d1934- _eaut _963299 |
||
| 245 | 1 | 3 |
_aLa experiencia de la solidaridad / _cAlejandro Angulo Novoa. |
| 250 | _aPrimera edición | ||
| 264 | 1 |
_aBogotá, Colombia : _bEdiciones Desde Abajo, _c2017 |
|
| 300 | _a120 páginas | ||
| 336 |
_atexto _btxt _2rdacontent |
||
| 337 |
_asin mediación _bn _2rdamedia |
||
| 338 |
_avolumen _bnc _2rdacarrier |
||
| 490 | 0 |
_aColección primeros pasos _v18 |
|
| 521 | _aRecomendado para un público adulto | ||
| 545 | _aIncluye datos biográficos del autor en la contracarátula | ||
| 650 | 0 | 7 |
_aGrupos sociales _xParticipación ciudadana _2lemb _963300 |
| 650 | 0 | 7 |
_aParticipación comunitaria _2lemb |
| 650 | 0 | 7 |
_aParticipación social _2lemb _922539 |
| 942 |
_2ddc _cBK |
||
| 999 |
_c58480 _d58480 |
||